Rootability of coppice cuttings from different stump heights of sentang (azadirachta excelsa (Jack) Jacobs)

Bibliographic Details
Main Author: AZMER bin Mohammad
Format: Book
Published: Serdang, Selangor : Universiti Putra Malaysia , 1999
Series:Bachelor of Forestry Science (Universiti Putra Malaysia), 1999
Subjects:

MARC

LEADER 00000cam a2200000 7i4500
001 0000001302
005 20140411.0
090 0 0 |a R THE 634.9   |b AZM 1999 
100 0 0 |a AZMER bin Mohammad 
245 1 0 |a Rootability of coppice cuttings from different stump heights of sentang (azadirachta excelsa (Jack) Jacobs)   |c Azmer bin Mohammad 
260 0 0 |a Serdang, Selangor :   |b Universiti Putra Malaysia ,   |c 1999 
300 |a x, 70 p. :   |b col. photos ;   |c 30 cm. 
440 0 0 |a Bachelor of Forestry Science (Universiti Putra Malaysia), 1999 
500 0 0 |a Bibliography : [p. 63-67) 
650 0 0 |a Azadirachta   |x Propagation 
998 |a JPSM 
999 |a 0000002225   |b Monograph   |c Thesis   |e Default branch